[Event "Level op-A 8th"]
[Site "Level"]
[Date "2022.09.10"]
[Round "3"]
[White "Steiner, Botond"]
[Black "Kocsis, Tihamer"]
[Result "1/2-1/2"]
[WhiteElo "1778"]
[BlackElo "1930"]
[PlyCount "71"]
[EventDate "2022.09.09"]
[EventType "swiss"]
[EventRounds "7"]
[EventCountry "HUN"]
[SourceTitle "EXT 2023"]
[Source "ChessBase"]
[SourceDate "2022.10.05"]
[SourceVersion "1"]
[SourceVersionDate "2022.10.05"]
[SourceQuality "1"]

1. e4 c5 2. c3 Nf6 3. e5 Nd5 4. d4 cxd4 5. cxd4 Nc6 6. Nf3 d6 7. Be2 Bf5 8. a3 e6 9. 0-0 Be7 10. exd6 Qxd6 11. Nc3 Nxc3 12. bxc3 0-0 13. a4 Rfd8 14. Ba3 Qc7 15. Bxe7 Nxe7 16. Qd2 Rac8 17. c4 Qb6 18. Rfd1 Nc6 19. Qc3 Be4 20. a5 Qb4 21. Qxb4 Nxb4 22. Rd2 Bxf3 23. gxf3 Nc6 24. d5 Ne5 25. Ra4 Rc5 26. Rb2 exd5 27. cxd5 Rdxd5 28. Rxb7 Nc6 29. a6 h5 30. h4 Rc1+ 31. Kg2 g5 32. Rc4 Rxc4 33. Bxc4 Rf5 34. Bd3 Ra5 35. Rc7 Ne5 36. Be2 1/2-1/2

[Event "Level op-A 8th"]
[Site "Level"]
[Date "2022.09.09"]
[Round "1"]
[White "Tsakonas, Konstantinos"]
[Black "Kocsis, Tihamer"]
[Result "1/2-1/2"]
[WhiteElo "1600"]
[BlackElo "1930"]
[PlyCount "124"]
[EventDate "2022.09.09"]
[EventType "swiss"]
[EventRounds "7"]
[EventCountry "HUN"]
[SourceTitle "EXT 2023"]
[Source "ChessBase"]
[SourceDate "2022.10.05"]
[SourceVersion "1"]
[SourceVersionDate "2022.10.05"]
[SourceQuality "1"]

1. c4 e6 2. g3 f5 3. Bg2 Nf6 4. e3 c6 5. b3 d5 6. Ne2 Be7 7. d4 0-0 8. 0-0 Bd7 9. Bb2 Be8 10. Nbc3 Bh5 11. Qc2 g5 12. f4 Bxe2 13. Qxe2 g4 14. h3 gxh3 15. Bxh3 Rf7 16. Kf2 Rg7 17. Rg1 Bb4 18. Bg2 Ng4+ 19. Ke1 Nd7 20. Kd2 Ndf6 21. Kc2 Bxc3 22. Bxc3 Kf7 23. Bf3 Qc7 24. Rg2 Rag8 25. Rag1 Rg6 26. Kb2 R8g7 27. cxd5 exd5 28. Qd3 Qd7 29. Bb4 Qe6 30. Bd2 Kg8 31. Rh1 Re7 32. Re1 Nh6 33. Rh1 Reg7 34. Rhg1 Nf7 35. Bb4 Ng4 36. Re2 Nf6 37. Reg2 Kh8 38. Bf8 Rg8 39. Bb4 Nh6 40. Bc3 R8g7 41. Bb4 Qg8 42. Be1 Re7 43. Bb4 Re6 44. Be1 Qe8 45. Bd2 Rg7 46. Rh1 Nfg4 47. Re2 Qg6 48. Rg2 Ng8 49. Bxg4 Qxg4 50. Rh4 Qf3 51. Rgh2 Re4 52. R2h3 Qf2 53. Rh5 Ne7 54. Qc2 Kg8 55. Bc1 Qe1 56. Qh2 Rxe3 57. Bxe3 Qxe3 58. Rxh7 Qxd4+ 59. Ka3 Qc5+ 60. Kb2 Qd4+ 61. Kb1 Qd3+ 62. Kb2 Qd4+ 1/2-1/2

[Event "Puspokladany Arnoth Memorial 15th"]
[Site "Puspokladany"]
[Date "2022.07.31"]
[Round "8"]
[White "Kocsis, Tihamer"]
[Black "Keseru, Tibor"]
[Result "1-0"]
[WhiteElo "1948"]
[BlackElo "1833"]
[PlyCount "59"]
[EventDate "2022.07.27"]
[EventType "swiss"]
[EventRounds "9"]
[EventCountry "HUN"]
[SourceTitle "EXT 2023"]
[Source "ChessBase"]
[SourceDate "2022.10.05"]
[SourceVersion "1"]
[SourceVersionDate "2022.10.05"]
[SourceQuality "1"]

1. e4 d6 2. Nc3 e5 3. Bc4 Nc6 4. d3 Nf6 5. Nge2 Be6 6. Bxe6 fxe6 7. f4 Qd7 8. Be3 0-0-0 9. fxe5 dxe5 10. Qd2 Bb4 11. a3 Ba5 12. b4 Bb6 13. Bxb6 axb6 14. 0-0-0 Nd4 15. h3 c5 16. Kb2 Nxe2 17. Qxe2 Qd4 18. Kb3 Qd7 19. Na4 Qc6 20. Qe3 Nd7 21. c4 cxb4 22. axb4 Rhf8 23. Nc3 Rf7 24. Nb5 Kb8 25. Ra1 Nf6 26. Ra3 Qd7 27. Kc2 Nxe4 28. Qxb6 Rf2+ 29. Kc1 Qd4 30. Qc7# 1-0

[Event "Puspokladany Arnoth Memorial 15th"]
[Site "Puspokladany"]
[Date "2022.07.29"]
[Round "4"]
[White "Kocsis, Tihamer"]
[Black "Gaspar, Muriel Aranka"]
[Result "1-0"]
[WhiteElo "1948"]
[BlackElo "1493"]
[PlyCount "49"]
[EventDate "2022.07.27"]
[EventType "swiss"]
[EventRounds "9"]
[EventCountry "HUN"]
[SourceTitle "EXT 2023"]
[Source "ChessBase"]
[SourceDate "2022.10.05"]
[SourceVersion "1"]
[SourceVersionDate "2022.10.05"]
[SourceQuality "1"]

1. e4 e5 2. Nf3 d5 3. d4 dxe4 4. Nxe5 Bd6 5. Nc4 Nf6 6. Nc3 c6 7. Bg5 Bf5 8. Be2 h6 9. Bh4 0-0 10. g4 Bg6 11. Nxd6 Qxd6 12. g5 hxg5 13. Bxg5 Nbd7 14. Qd2 Rac8 15. h4 b5 16. h5 Bf5 17. Rg1 b4 18. Nd1 Qh2 19. Rf1 Bh3 20. Bf4 Qg2 21. Ne3 Qxf1+ 22. Nxf1 Nd5 23. Bg3 Rfe8 24. Ne3 N7f6 25. Be5 1-0

[Event "Puspokladany Arnoth Memorial 15th"]
[Site "Puspokladany"]
[Date "2022.07.28"]
[Round "2"]
[White "Kocsis, Tihamer"]
[Black "Gulacsi, Donat Ferenc"]
[Result "1/2-1/2"]
[WhiteElo "1948"]
[BlackElo "1822"]
[PlyCount "118"]
[EventDate "2022.07.27"]
[EventType "swiss"]
[EventRounds "9"]
[EventCountry "HUN"]
[SourceTitle "EXT 2023"]
[Source "ChessBase"]
[SourceDate "2022.10.05"]
[SourceVersion "1"]
[SourceVersionDate "2022.10.05"]
[SourceQuality "1"]

1. e4 c6 2. d4 d5 3. exd5 cxd5 4. Bd3 Nc6 5. c3 Nf6 6. Bf4 g6 7. Nd2 Bg7 8. h3 0-0 9. Ngf3 Bf5 10. Bxf5 gxf5 11. g4 e5 12. dxe5 Re8 13. gxf5 Nd7 14. Kf1 Ndxe5 15. Rg1 Kh8 16. Ng5 Qf6 17. Qc2 d4 18. Bxe5 Rxe5 19. Nde4 Qxf5 20. Nf6 Nd8 21. Qxf5 Rxf5 22. Nh5 Be5 23. f4 Bxf4 24. Nxf4 Rxf4+ 25. Ke2 Ne6 26. cxd4 Nxg5 27. Rxg5 Rxd4 28. Rf1 Re8+ 29. Kf3 Rd2 30. Kg3 Rg8 31. Rxg8+ Kxg8 32. Rb1 a5 33. a3 Rd3+ 34. Kg4 Rb3 35. h4 b5 36. h5 Kg7 37. Kf4 Kf6 38. Kg4 h6 39. Rf1+ Ke6 40. Re1+ Kd5 41. Re2 a4 42. Rf2 Kc4 43. Kf5 Rh3 44. Kg4 Rh1 45. Rxf7 Rh2 46. Rf4+ Kb3 47. Rb4+ Ka2 48. Rxb5 Rxb2 49. Ra5 Kxa3 50. Ra6 Rb5 51. Rxh6 Kb4 52. Rf6 a3 53. Rf4+ Kb3 54. Rf3+ Ka4 55. Rxa3+ Kxa3 56. h6 Rb1 57. Kf5 Kb4 58. h7 Rh1 59. Kg6 Kc5 1/2-1/2

[Event "Puspokladany Arnoth Memorial 15th"]
[Site "Puspokladany"]
[Date "2022.07.27"]
[Round "1"]
[White "Steiner, Botond"]
[Black "Kocsis, Tihamer"]
[Result "1-0"]
[WhiteElo "1661"]
[BlackElo "1948"]
[PlyCount "175"]
[EventDate "2022.07.27"]
[EventType "swiss"]
[EventRounds "9"]
[EventCountry "HUN"]
[SourceTitle "EXT 2023"]
[Source "ChessBase"]
[SourceDate "2022.10.05"]
[SourceVersion "1"]
[SourceVersionDate "2022.10.05"]
[SourceQuality "1"]

1. e4 c5 2. c3 d5 3. exd5 Qxd5 4. d4 Nc6 5. Nf3 Bg4 6. Be2 e6 7. 0-0 Nf6 8. Be3 cxd4 9. Nxd4 Bxe2 10. Qxe2 Be7 11. Rd1 Rd8 12. Nd2 Nxd4 13. Bxd4 b6 14. Nf3 Qa5 15. Ne5 Rc8 16. a4 0-0 17. b4 Qd5 18. Bxb6 Qe4 19. Qxe4 Nxe4 20. Bd4 Nxc3 21. Bxc3 Rxc3 22. b5 Rfc8 23. Nc6 Bf6 24. Nxa7 R8c4 25. Rab1 Rxa4 26. b6 g6 27. b7 Be5 28. b8Q+ Bxb8 29. Rxb8+ Kg7 30. Rb7 Rca3 31. Nb5 Rb3 32. Ra7 Rab4 33. Nc7 Rd3 34. Rf1 Kg8 35. g3 Rd2 36. Ra8+ Kg7 37. Ne8+ Kh6 38. h3 Rb7 39. Nf6 Kg7 40. Ng4 h5 41. Ne3 Re2 42. h4 Rc7 43. Rfa1 Rb7 44. R8a2 Rxa2 45. Rxa2 Rd7 46. Kg2 Kf6 47. Ra5 Ke7 48. Nc4 Kf6 49. Ne5 Rc7 50. Nf3 Ke7 51. Nd4 Kf6 52. Ra4 Rd7 53. f3 Rb7 54. Ne2 Rc7 55. Nd4 Rb7 56. Ra2 Rd7 57. Ne2 Rc7 58. Nf4 Rb7 59. g4 hxg4 60. fxg4 Rb4 61. Rf2 Kg7 62. Kg3 Rb7 63. Nd3 Rb5 64. Rf3 Rd5 65. Nf4 Ra5 66. Rb3 Ra7 67. h5 gxh5 68. Nxh5+ Kf8 69. Rb4 Ke7 70. Kf4 Rd7 71. g5 Rc7 72. Nf6 Ra7 73. Rd4 Rb7 74. Ng8+ Ke8 75. Kg4 Ra7 76. Kh5 Rb7 77. Kh6 Ra7 78. Nf6+ Ke7 79. Kg7 Rb7 80. Ng8+ Ke8 81. Kf6 Rb5 82. Nh6 Rb7 83. Ng4 Rb1 84. Rf4 Rb5 85. Ne5 Rb7 86. Rh4 Kd8 87. Nxf7+ Kd7 88. g6 1-0

[Event "Szolnok op"]
[Site "Szolnok"]
[Date "2022.06.19"]
[Round "7"]
[White "Virganc, Roland"]
[Black "Kocsis, Tihamer"]
[Result "0-1"]
[WhiteElo "1796"]
[BlackElo "1936"]
[PlyCount "72"]
[EventDate "2022.06.16"]
[EventType "swiss"]
[EventRounds "7"]
[EventCountry "HUN"]
[SourceTitle "CBM 209 Extra"]
[Source "ChessBase"]
[SourceDate "2022.09.30"]
[SourceVersion "1"]
[SourceVersionDate "2022.09.30"]
[SourceQuality "1"]

1. d4 Nf6 2. e3 d5 3. Bd3 c5 4. c3 Nc6 5. f4 Bg4 6. Nf3 e6 7. 0-0 Bd6 8. Nbd2 0-0 9. Qe1 Bf5 10. Bxf5 exf5 11. Ne5 Qc7 12. Ndf3 Ne4 13. Qh4 f6 14. Nd3 cxd4 15. exd4 b5 16. a3 a5 17. g4 fxg4 18. Qxg4 b4 19. Bd2 bxa3 20. bxa3 Qe7 21. Rfe1 Bxa3 22. Nh4 Bd6 23. Nf2 Nxf2 24. Kxf2 Qc7 25. Nf5 Rae8 26. Rg1 g6 27. Qh4 Ne7 28. Nh6+ Kh8 29. Rae1 g5 30. Qh5 Bxf4 31. Bxf4 Qxf4+ 32. Kg2 Ng6 33. Kh1 Rxe1 34. Rxe1 Nh4 35. Nf7+ Kg7 36. Qh6+ Kg8 0-1

[Event "Level op 7th"]
[Site "Level"]
[Date "2019.05.11"]
[Round "3"]
[White "Gaal, Alexander"]
[Black "Kocsis, Tihamer"]
[Result "1/2-1/2"]
[WhiteElo "1912"]
[BlackElo "1755"]
[PlyCount "82"]
[EventDate "2019.05.10"]
[EventType "swiss"]
[EventRounds "7"]
[EventCountry "HUN"]
[SourceTitle "EXT 2021"]
[Source "ChessBase"]
[SourceDate "2020.10.23"]
[SourceVersion "1"]
[SourceVersionDate "2020.10.23"]
[SourceQuality "1"]

1. d4 d5 2. Bf4 Nf6 3. e3 Bf5 4. c3 e6 5. Bd3 Bg6 6. Nf3 Bd6 7. Bg3 Nc6 8. Ne5 Bxe5 9. dxe5 Ne4 10. Bxe4 Bxe4 11. Qg4 Bg6 12. h4 h5 13. Qg5 Qxg5 14. hxg5 Na5 15. Nd2 c5 16. Rh4 Ke7 17. Nb3 Nxb3 18. axb3 b5 19. b4 c4 20. Kd2 a5 21. Rhh1 axb4 22. cxb4 Ra4 23. Rxa4 bxa4 24. Ra1 Ra8 25. Kc3 Kd7 26. f3 Bd3 27. Kd4 Kc6 28. Be1 Bc2 29. Bc3 Kb5 30. Rc1 Bd3 31. Ra1 Rh8 32. Rh1 g6 33. Ra1 h4 34. Rh1 Rh5 35. f4 Bf5 36. Be1 h3 37. gxh3 Rxh3 38. Rxh3 Bxh3 39. e4 dxe4 40. Kxe4 Bf5+ 41. Kd4 Bb1 1/2-1/2

[Event "HUN-chT4 Chalupetzky 1718"]
[Site "Hungary"]
[Date "2018.02.25"]
[Round "6.2"]
[White "Kocsis, Tihamer"]
[Black "Horvath, Laszlo6666"]
[Result "1/2-1/2"]
[WhiteElo "1748"]
[BlackElo "1514"]
[PlyCount "47"]
[EventDate "2017.10.15"]
[EventType "team-tourn"]
[EventRounds "7"]
[EventCountry "HUN"]
[SourceTitle "EXT 2019"]
[Source "ChessBase"]
[SourceDate "2018.10.10"]
[SourceVersion "1"]
[SourceVersionDate "2018.10.10"]
[SourceQuality "1"]
[WhiteTeam "Gyor Szechenyi"]
[BlackTeam "Fertoszentmiklos"]
[WhiteTeamCountry "HUN"]
[BlackTeamCountry "HUN"]

1. e4 g6 2. d4 Bg7 3. Bc4 e6 4. Bf4 d5 5. exd5 exd5 6. Bd3 Nc6 7. c3 Nf6 8. Qe2+ Be6 9. Nf3 0-0 10. 0-0 Re8 11. Qc2 Ne7 12. Nbd2 Bf5 13. Ne5 Nh5 14. Be3 Bxd3 15. Qxd3 Nf5 16. Ng4 Nxe3 17. Nxe3 c6 18. f4 Bh6 19. g3 Nf6 20. Rae1 Qc7 21. Ng2 Qd7 22. Nf3 Rxe1 23. Rxe1 Ne4 24. Nd2 1/2-1/2

[Event "HUN-chT4 1617"]
[Site "Hungary"]
[Date "2017.02.19"]
[Round "5.1"]
[White "Balint, Laszlo"]
[Black "Kocsis, Tihamer"]
[Result "0-1"]
[WhiteElo "1631"]
[BlackElo "1735"]
[PlyCount "62"]
[EventDate "2016.10.02"]
[EventType "team-tourn"]
[EventRounds "7"]
[EventCountry "HUN"]
[SourceTitle "EXT 2019"]
[Source "ChessBase"]
[SourceDate "2018.10.10"]
[SourceVersion "1"]
[SourceVersionDate "2018.10.10"]
[SourceQuality "1"]

1. d4 Nf6 2. c4 g6 3. Bg5 Bg7 4. Nc3 d6 5. Nf3 0-0 6. Qd2 Nbd7 7. Bh6 c5 8. d5 Ng4 9. Bxg7 Kxg7 10. e4 f6 11. 0-0-0 Qa5 12. Kb1 a6 13. b3 Nxf2 14. Qxf2 Qxc3 15. Rd3 Qb4 16. Ne1 Ne5 17. Rg3 b5 18. Nd3 Nxd3 19. Bxd3 bxc4 20. Bxc4 Rb8 21. Qe2 a5 22. Kb2 Bd7 23. h4 a4 24. Re3 Bg4 25. Qc2 axb3 26. axb3 Ra8 27. Ra1 Rxa1 28. Kxa1 Qa3+ 29. Kb1 Ra8 30. Qb2 Qa5 31. Be2 Qe1+ 0-1